<?xml version="1.0" encoding="UTF-8"?>
<record
    xmlns:xsi="http://www.w3.org/2001/XMLSchema-instance"
    xsi:schemaLocation="http://www.loc.gov/MARC21/slim http://www.loc.gov/standards/marcxml/schema/MARC21slim.xsd"
    xmlns="http://www.loc.gov/MARC21/slim">

  <leader>02157cam a22002653a 4500</leader>
  <controlfield tag="001">3254</controlfield>
  <controlfield tag="003">PGUSA</controlfield>
  <controlfield tag="005">20140828083029.0</controlfield>
  <controlfield tag="008">040927s2004||||xxu|||||s|||||000 j eng d</controlfield>
  <datafield tag="040" ind1=" " ind2=" ">
    <subfield code="a">PGUSA</subfield>
    <subfield code="b">eng</subfield>
  </datafield>
  <datafield tag="042" ind1=" " ind2=" ">
    <subfield code="a">dc</subfield>
  </datafield>
  <datafield tag="050" ind1=" " ind2="4">
    <subfield code="a">AC</subfield>
  </datafield>
  <datafield tag="050" ind1=" " ind2="4">
    <subfield code="a">PR</subfield>
  </datafield>
  <datafield tag="100" ind1="1" ind2=" ">
    <subfield code="a">Galsworthy, John,</subfield>
    <subfield code="d">1867-1933</subfield>
  </datafield>
  <datafield tag="245" ind1="1" ind2="0">
    <subfield code="a">Complete Project Gutenberg John Galsworthy Works</subfield>
    <subfield code="h">[electronic resource] /</subfield>
    <subfield code="c">John Galsworthy</subfield>
  </datafield>
  <datafield tag="260" ind1=" " ind2=" ">
    <subfield code="b">Project Gutenberg,</subfield>
    <subfield code="c">2004</subfield>
  </datafield>
  <datafield tag="505" ind1="0" ind2=" ">
    <subfield code="a">The Forsyte Saga: 1. The Man of Property; 2. Indian Summer of a Forsyte In Chancery; 3. Awakening To Let -- The Dark Flower -- The Freelands Beyond -- Villa Rubein and Other Stories: A Man of Devon; A Knight; Salvation of a Forsyte; The Silence -- Saint's Progress -- The Island Pharisees -- The Country House -- Fraternity -- The Patrician -- The Burning Spear -- Five Short Tales: The First and Last; A Stoic; The Apple Tree; The Juryman; Indian Summer of a Forsyte -- Inn of Tranquility -- Magpie over the Hill -- Sheep-shearing -- Evolution -- Riding in the Mist -- The Procession -- A Christian -- Wind in the Rocks -- My Distant Relative -- The Black Godmother -- Quality -- The Grand Jury -- Gone -- Threshing -- That Old-time Place -- Romance--three Gleams -- Memories -- Felicity -- A Novelist's Allegory -- Some Platitudes Concerning Drama -- Meditation on Finality -- Wanted--Schooling -- On Our Dislike of Things as They Are -- The Windlestraw -- About Censorship -- Vague Thoughts on Art -- Plays-First Series: The Silver Box -- Joy -- Strife -- Second Series: The Eldest Son -- The Little Dream -- Justice -- Third Series: The Fugitive -- The Pigeon -- The Mob -- Fourth Series: A Bit O' Love -- The Foundations -- The Skin Game -- Six Short Plays: The First and The Last -- The Little Man -- Hall-marked -- Defeat -- The Sun -- Punch and Go -- Fifth Series: A Family Man -- Loyalties -- Windows.</subfield>
  </datafield>
  <datafield tag="506" ind1=" " ind2=" ">
    <subfield code="a">Public domain in the USA.</subfield>
  </datafield>
  <datafield tag="516" ind1=" " ind2=" ">
    <subfield code="a">Electronic text</subfield>
  </datafield>
  <datafield tag="653" ind1=" " ind2=" ">
    <subfield code="a">English literature -- 20th century</subfield>
  </datafield>
  <datafield tag="653" ind1=" " ind2=" ">
    <subfield code="a">Literature -- Collections</subfield>
  </datafield>
  <datafield tag="830" ind1=" " ind2="0">
    <subfield code="a">Project Gutenberg</subfield>
    <subfield code="v">3254</subfield>
  </datafield>
  <datafield tag="856" ind1="4" ind2="0">
    <subfield code="u">http://www.gutenberg.org/ebooks/3254</subfield>
  </datafield>
  <datafield tag="942" ind1=" " ind2=" ">
    <subfield code="c">EB</subfield>
  </datafield>
  <datafield tag="999" ind1=" " ind2=" ">
    <subfield code="c">232583</subfield>
    <subfield code="d">232583</subfield>
  </datafield>
  <datafield tag="952" ind1=" " ind2=" ">
    <subfield code="0">0</subfield>
    <subfield code="1">0</subfield>
    <subfield code="4">0</subfield>
    <subfield code="a">GTB</subfield>
    <subfield code="b">GTB</subfield>
    <subfield code="d">2014-08-28</subfield>
    <subfield code="l">0</subfield>
    <subfield code="r">2014-08-28 00:00:00</subfield>
    <subfield code="w">2014-08-28</subfield>
    <subfield code="y">EB</subfield>
  </datafield>
</record>
